| 000 | 00605nam a2200193Ia 4500 | ||
|---|---|---|---|
| 008 | 230125s9999 xx 000 0 und d | ||
| 020 | _a0-7499-1176-X | ||
| 041 | _aeng | ||
| 082 |
_a651.75 _bO''''C |
||
| 100 |
_aO'Connor R _9108551 |
||
| 245 |
_aComplete Conference Organisers Handbook _bPlannin, Budgets, Venues, Concepts, Scripts, Sound, Lighting, Video |
||
| 260 |
_c1994 _bPiatkus publication _aLondon |
||
| 300 | _a242p | ||
| 500 | _aBusiness letters;Letter writing | ||
| 500 | _aConference | ||
| 650 | _aCommunication | ||
| 700 |
_aO'Connor R _9108551 |
||
| 999 |
_c85356 _d85356 |
||